| 000 | 00565nam a22001817a 4500 | ||
|---|---|---|---|
| 005 | 20170831145307.0 | ||
| 010 | _aENG-120198 | ||
| 020 |
_a9788186772522 _c895.00 |
||
| 035 | _aEN-103730 | ||
| 037 | _bDBAD/PUB | ||
| 082 | _a954.09 | ||
| 100 | _aManickam,S. | ||
| 245 |
_aNehru and human resource development / _cby S. Manickam [and] G. Velan |
||
| 260 |
_aNew Delhi _bNew Academic Publishers _c2012 |
||
| 270 |
_a4760-61,23,Ansari Road,Daryaganj _bNew Delhi _e110003 |
||
| 300 |
_axvi,198p. : _c23cm(Hb) _bill |
||
| 942 |
_2ddc _cEN _mMAN _h954.09 |
||
| 999 |
_c143972 _d143972 |
||